Kék trilógia

Bibliographic Details
Main Author: Šulej, Peter, 1967- (Author)
Other Authors: Merva, Attila, 1978- (Translator)
Format: Book
Language:Hungarian
PhysicalDescription:142 strán 19 cm
Published: Pozsony Madách Egyesület 2024
ISBN:9788089833436
Edition:Első kiadó

MARC

LEADER 00000nam a2200000 4500
001 vtls012273465
003 SK-MaSNL
005 20260302025950.0
008 250317s2024 xo g 000 p hun
020 |a 9788089833436  |q (viazané) 
040 |a SNK  |b slo  |c SNK  |e rda 
041 1 |a hun  |h [slo] 
044 |a xo  |c SK 
072 7 |2 konspekt 
080 |2 2011 
100 1 |a Šulej, Peter,  |d 1967-  |4 aut  |9 13475 
245 1 2 |a Kék trilógia  |c Peter Šulej ; Merva Attila fordítása 
250 |a Első kiadó 
264 1 |a Pozsony  |b Madách Egyesület  |c 2024 
300 |a 142 strán  |c 19 cm 
336 |a text  |b txt  |2 rdacontent 
337 |a bez média  |b n  |2 rdamedia 
338 |a zväzok  |b nc  |2 rdacarrier 
366 |e 200 kusov 
500 |a Preložené pravdepodobne zo slovenčiny 
500 |a Obsahuje stručné biografické údaje o autorovi a prekladateľovi na záložke prebalu publikácie 
700 1 |a Merva, Attila,  |d 1978-  |4 trl  |9 234042 
852 |a Slovenská národná knižnica 
919 |a 978-80-89833-43-6 
999 |c 1045839  |d 1047769 
952 |a SNK  |b SNK  |y NEVYP  |7 1  |p 17A1562150  |o snkSD 93176  |i snk2025/4707  |8 0  |0 0  |1 0  |4 0  |d 2025-03-17  |l 0  |r 2026-02-24 14:38:40  |w 2026-02-24 
952 |a SNK  |b SNK  |y VYP  |7 0  |p 17A1562149  |o snkSD 93176 D1  |i snk2025/4708  |8 0  |0 0  |1 0  |4 0  |d 2025-03-17  |l 0  |r 2026-02-24 14:38:40  |w 2026-02-24